Normal view
MARC view
Entry Personal Name
001 - CONTROL NUMBER
- control field: 20520
003 - CONTROL NUMBER IDENTIFIER
- control field: BD-DhEWU
005 - DATE AND TIME OF LATEST TRANSACTION
- control field: 20160831134917.0
008 - FIXED-LENGTH DATA ELEMENTS
- fixed length control field: 160831|| aca||aabn | a|a d
040 ## - CATALOGING SOURCE
- Original cataloging agency: BD-DhEWU
- Transcribing agency: BD-DhEWU
100 ## - HEADING--PERSONAL NAME
- Personal name: Brunskill, Charlotte.
670 ## - SOURCE DATA FOUND
- Source citation: Work cat.: (BD-DhEWU)644: Brunskill, Charlotte., Records management for museums and galleries :, 2012.